00754nam a2200193Ia 4500001000900000003000500009005001700014008004100031040000900072082002300081100002200104245014800126260003100274300001600305500009000321650005700411650005700468700003500525dia_2074CHAP20251021144706.0220601s9999 xx 000 0 und d cCHAP a636.084 B73 [19--] aBrakensiek, I. L. aGuía autodidáctica para la alimentación de ganado y aves de corral / I. L. Brakensiek y Lloyd J. Phipps ; traducción Cayetano L. Bogado aArgentina : Hemisferio Sur axii, 163 p. aTítulo original: Self-study guide in animal science - feeding livestock and poultry a1. Nutrición animal - Exámenes, preguntas, etc.  aAlimentación animal - Exámenes, preguntas, etc.  aPhipps, Lloyd James, coaut.Ì